00674nam a2200181Ia 4500003000900000008004100009020001600050040001600066080002300082100002100105245012800126260004900254300002300303650004200326942000700368999001700375952010000392IN-BaIIA211028s9999 xx 000 0 eng d a92-9092-120 cIIA Library a083.8:524.3bESA-7 aTuron, C.920150 4aThe hipparcos input catalogue: vol 7:annexes 2-4 identification chartscC. Turon  aThe NetherlandsbEuropean Space Agencyc1992 a[various pagings.] aAstronomy: Hipparcos catalogue920151 cBK c11658d11658 00104070aBANbBANcGENd1996-02-09l0o083.8:524.3/ ESA-7p12573r2021-11-05w1996-02-09yBK